| 000 | 00388nam a22001457a 4500 | ||
|---|---|---|---|
| 005 | 20250916161548.0 | ||
| 008 | 250916b |||||||| |||| 00| 0 eng d | ||
| 020 | _a97898887153469 | ||
| 050 | _aHE 336.T7T87 2024 | ||
| 100 | _aTURNER HARRY CLARKE | ||
| 245 | _aFUNDAMENTALS OF TRAFFIC ENGINEERING DESIGN | ||
| 260 |
_aDUBLIN _bORYSON PRESS _c2024 |
||
| 300 | _aX,350 | ||
| 942 |
_2lcc _cBK |
||
| 999 |
_c216125 _d216125 |
||